000 00620cam a22002053a 4500
001 45751
003 PGUSA
005 20140828084048.0
008 140525s2014||||xxu|||||s|||||000 | eng d
040 _aPGUSA
_beng
042 _adc
100 1 _aMathews, Joanna H.
_q(Joanna Hooe),
_d1849-1901
245 1 0 _aNellie's Housekeeping :
_bLittle Sunbeams Series
_h[electronic resource] /
_cJoanna H. Mathews
260 _bProject Gutenberg,
_c2014
506 _aPublic domain in the USA.
516 _aElectronic text
830 0 _aProject Gutenberg
_v45751
856 4 0 _uhttp://www.gutenberg.org/ebooks/45751
942 _cEB
999 _c275001
_d275001